Gaming Quiz

Random Gaming or Quote Quiz

Movie Board Games by Rules II Quiz Stats

 Plays Quiz Updated Aug 26, 2018

Score 0/20 Timer 10:00
3 Plays Today
% Correct
Jaws
94.8%
The Great Muppet Caper
94.5%
Star Wars: Jedi Unleashed
94.1%
Back to the Future: An Adventure Through Time
93.4%
The Twilight Saga: New Moon: The Movie Board Game
92.8%
Home Alone 2: Lost in New York
91.5%
Lord of the Rings
91%
Finding Nemo
90.7%
Tim Burton's The Nightmare Before Christmas Game
89.2%
Dawn of the Dead
88.8%
% Correct
Terminator 2: Judgment Day
85.1%
Shrek 2: Twisted Fairy Tale
80.8%
The Goonies
80.7%
Congo: The Movie
80.1%
The Last Starfighter
78.6%
Ghostbusters
76.9%
Tron
76.1%
Aliens
72.1%
Left Behind: The Movie: The Board Game Adventure
64.8%
Escape From New York
64.6%

You're not logged in!

Compare scores with friends on all Sporcle quizzes.
OR
Log In

Sporcle TV

Today on Sporcle TV


Watch our educational content, quiz creation guides, and fun videos on Sporcle TV.

Show Comments

Extras

Top Quizzes Today


Score Distribution

Your Account Isn't Verified!

In order to create a playlist on Sporcle, you need to verify the email address you used during registration. Go to your Sporcle Settings to finish the process.

Report this User

Report this user for behavior that violates our Community Guidelines.

Details: